| 000 | 00412 a2200157 4500 | ||
|---|---|---|---|
| 003 | Nust | ||
| 005 | 20230306125119.0 | ||
| 040 | _cNust | ||
| 082 | _a297.55,FAR | ||
| 100 |
_aFareedi, iftikhar _9109874 |
||
| 245 |
_aAuratt (Woman), Maa, Behn, Bivi aur Beti / _cIftikhar Fareedi |
||
| 260 |
_aKarachi _bNishriyat-e-Islam |
||
| 300 | _a307:p | ||
| 650 |
_aWomen In Islam _96551 |
||
| 942 |
_2ddc _cBK _k297.55,FAR |
||
| 999 |
_c188040 _d188040 |
||